• 首页
  • 本馆介绍
  • 公告通知
  • 最新文献
  • 馆藏检索
  • 电子资源
  • 读者导购
  • 参考咨询
  • 我的图书馆
  • 登录
  • 详细信息显示
  • 放入我的书架
  • 预约/预借图书
  • 作者相关作品
  • 分类相关作品
  • 丛书相关作品
  • 出版社相关作品

书目信息

  • 表格格式
  • 工作单格式
  • 卡片格式
题名:
浅谈高次方程
    
 
作者: 张远达 编
分册:  
出版信息: 武汉   湖北人民出版社  1983
页数: 199页
开本: 19cm
丛书名:
单 册:
中图分类: O122.2
科图分类:
主题词: 高次方程--概论
电子资源:
ISBN:
000 00624nam0 2200241 45
001 0183012110
005 20060627150032.62
010    @dCNY0.54
091    @a9306.22
100    @a19950515d1983 em y0chiy0121 ea
101 0  @achi
102    @aCN@b420000
105    @ay z 000yy
106    @ar
200 10 @a浅谈高次方程@Aqian tan gao ci fang cheng@f张远达编
210    @a武汉@c湖北人民出版社@d1983
215    @a199页@d19cm
606    @a高次方程@x概论
690    @aO122.2@v3
701  0 @a张远达@Azhang yuan da@4编
801  0 @aCN@b上海图书馆@c20060627
801  2 @aCN@bNLC@c20040519
905    @dO122.2@e13@b98391@f1
    
    浅谈高次方程/张远达编.-武汉:湖北人民出版社,1983
    199页;19cm
    
    
    ISBN :CNY0.54
    
●
相关链接 在E读中查询图书 在五车中查询图书 在当当中查询图书 在豆瓣中查询图书


正题名:浅谈高次方程     索取号:O122.2/13         预约/预借

序号 登录号 条形码 馆藏地/架位号 状态 备注
1 0098390   001243684   第三借阅区/ [索取号:O122.2/13] 在馆    
2 0098391   001939549   第三借阅区/ [索取号:O122.2/13] 在馆    
3 0098392   001243657   第三借阅区/ [索取号:O122.2/13] 在馆    
4 0098393   001243728   第三借阅区/ [索取号:O122.2/13] 在馆    
5 0098394   001243719   第二样本阅览室/ [索取号:O122.2/13] 在馆    
唐山师范学院图书馆 欢迎您!
大连网信软件有限公司© 版权所有